Представление документа в формате RUSMARC

ПолеНазваниеЗначение
  Тип записи a
  Библиографический уровень a
001 Контрольный номер RU/CBS_UL/BASE/96be47849a024659bcdb7e56353eac20
005 Дата корректировки 20240910172043.1
100 Данные общей обработки __
a Данные общей обработки 20240910 ||| 0rusy0189 ca
101 Язык документа 0_
a Язык текста rus
102 Страна публикации __
a Страна публикации RU
200 Заглавие и сведения об ответственности 1_
a Заглавие Самое (у)дачное фото
e Сведения, относящиеся к заглавию [дача - классная локация для фотосессии]
f Первые сведения об ответственности А. Овсянкина
300 Общие примечания __
a Общие примечания 12+
461 Уровень набора _0
1 2000
a Классная девчонка
463 Уровень физической единицы _0
1 2000
a № 5
v С. 25 : фото
1 2101
d 2024
1 001RU/CBS_UL/BASE/071b2082c402497eb0eb016c95e98b57
606 Тематические рубрики 0_
a Основная рубрика Фотосъёмка
610 Ключевые слова 0_
a Ключевые слова фотографии
610 Ключевые слова 0_
a Ключевые слова фотосъёмки
610 Ключевые слова 0_
a Ключевые слова фотосессии
610 Ключевые слова 0_
a Ключевые слова фотозоны
610 Ключевые слова 0_
a Ключевые слова фотозоны на даче
686 Индексы других классификаций __
2 Код системы rubbk
a Классификационный индекс 37.94
700 Автор _1
a Фамилия Овсянкина
b Имя (инициалы) А.
801 Источник записи _0
a Страна RU
b Организация МБУК ЦБС г. Ульяновска
c Дата составления 20240910
g Правила каталогизации RCR
801 Источник записи _1
a Страна RU
b Организация МБУК ЦБС г. Ульяновска
c Дата составления 20240910
g Правила каталогизации RCR
901 Тип документа __
t Тип документа b
w Контрольный № источника RU/CBS_UL/BASE/071b2082c402497eb0eb016c95e98b57
909 Создатель записи __
a Создатель записи lib2